[Event "La Roda op 43rd"]
[Site "La Roda"]
[Date "2016.03.24"]
[Round "2"]
[White "Alvarez Pedraza, Aramis"]
[Black "Fernandez Rodriguez, Jose Antonio"]
[Result "1/2-1/2"]
[WhiteElo "2440"]
[BlackElo "2114"]
[PlyCount "73"]
[EventDate "2016.03.23"]
[EventType "swiss"]
[EventRounds "9"]
[EventCountry "ESP"]
[SourceTitle "CBM 171 Extra"]
[Source "ChessBase"]
[SourceDate "2016.04.26"]
[SourceVersion "1"]
[SourceVersionDate "2016.04.26"]
[SourceQuality "1"]

1. d4 d5 2. Nf3 c6 3. c4 e6 4. Nbd2 f5 5. e3 Nf6 6. Be2 Bd6 7. b3 0-0 8. Bb2 Nbd7 9. 0-0 Ne4 10. Ne5 Rf6 11. f3 Nxd2 12. Qxd2 Rh6 13. g3 Qf6 14. f4 Qf8 15. Bf3 Nf6 16. Rac1 Bd7 17. Qd3 Qe7 18. Rc2 Rf8 19. Rg2 Be8 20. cxd5 exd5 21. Rc2 Ne4 22. Bg2 Bh5 23. Bc3 Kh8 24. Rb1 Rb8 25. b4 a6 26. a4 Be8 27. Be1 g5 28. Qb3 gxf4 29. exf4 Bxe5 30. dxe5 Qe6 31. Qe3 Rg6 32. Bxe4 fxe4 33. Bc3 h5 34. Rf1 Qf5 35. Rg2 Kh7 36. Kf2 h4 37. a5 1/2-1/2

[Event "Andalucia-ch"]
[Site "Lucena"]
[Date "2012.04.29"]
[Round "6"]
[White "Alshameary Puente, Ismael"]
[Black "Fernandez Rodriguez, Jose Antonio"]
[Result "0-1"]
[WhiteElo "2049"]
[BlackElo "2109"]
[PlyCount "66"]
[EventDate "2012.04.26"]
[EventType "swiss"]
[EventRounds "9"]
[EventCountry "ESP"]
[SourceTitle "EXT 2013"]
[Source "ChessBase"]
[SourceDate "2012.11.22"]
[SourceVersion "1"]
[SourceVersionDate "2012.11.22"]
[SourceQuality "1"]

1. d4 f5 2. e4 fxe4 3. Nc3 Nf6 4. Bg5 g6 5. Bc4 c6 6. d5 Bg7 7. Qd2 cxd5 8. Nxd5 e6 9. Nf4 Nc6 10. 0-0-0 Qa5 11. Qxa5 Nxa5 12. Bb5 0-0 13. Nge2 a6 14. Ba4 Nc6 15. Bh4 Bh6 16. g4 Nxg4 17. Rhg1 Bxf4+ 18. Nxf4 Rxf4 19. Bg5 Rxf2 20. Rxg4 b5 21. Bb3 Na5 22. h4 Nxb3+ 23. axb3 d5 24. h5 e5 25. Rgg1 Bf5 26. hxg6 hxg6 27. Rxd5 e3 28. Rxe5 Rxc2+ 29. Kd1 Rxb2 30. Rg3 Rxb3 31. Bxe3 Rd8+ 32. Ke2 Kf7 33. Rc5 Rd7 0-1

[Event "Benidorm op U2000 07th"]
[Site "Benidorm"]
[Date "2008.12.01"]
[Round "3"]
[White "Fernandez Rodriguez, Jose Antonio"]
[Black "Marquez Ortiz de Zarate, Alberto"]
[Result "0-1"]
[WhiteElo "1957"]
[BlackElo "1755"]
[PlyCount "92"]
[EventDate "2008.11.29"]
[EventType "swiss"]
[EventRounds "9"]
[EventCountry "ESP"]
[SourceTitle "CBM 127 Extra"]
[Source "ChessBase"]
[SourceDate "2009.01.08"]
[SourceVersion "2"]
[SourceVersionDate "2009.01.28"]
[SourceQuality "1"]

1. e4 d5 2. exd5 Qxd5 3. Nc3 Qa5 4. Nf3 Nf6 5. Bc4 c6 6. d4 Bf5 7. 0-0 e6 8. Re1 Be7 9. Bd2 Qc7 10. Ne2 Nbd7 11. Ng3 Bg4 12. h3 Bxf3 13. Qxf3 0-0 14. Bd3 Bd6 15. Ne4 Nxe4 16. Rxe4 Rfe8 17. Rh4 g6 18. Re1 Nf8 19. Bh6 f5 20. Bc4 Be7 21. Rxe6 Nxe6 22. Bxe6+ Kh8 23. d5 Bf6 24. Rc4 Qe7 25. Bd2 Rad8 26. Bb4 Qg7 27. g4 cxd5 28. Bxd5 Rd7 29. Rf4 Be5 30. c4 Bxf4 31. Qxf4 Qxb2 32. Bc5 Qb1+ 33. Kg2 Rxd5 34. cxd5 Qe4+ 35. Qxe4 fxe4 36. d6 Rd8 37. g5 Kg8 38. Kg3 Kf7 39. Kf4 b6 40. Ba3 Ke6 41. Kxe4 Rc8 42. Kd3 a5 43. f4 b5 44. h4 b4 45. f5+ Kxf5 46. Bb2 Ke6 0-1